|
|
|
|
| LEADER |
01068nam a2200253 a 4500 |
| 001 |
27006 |
| 008 |
130521s2001 lu a o100 0 eng d |
| 020 |
|
|
|a 9289412933
|
| 040 |
|
|
|a BD-DhAAL
|c BD-DhAAL.
|
| 082 |
0 |
0 |
|a 333.736
|2 21
|
| 245 |
0 |
0 |
|a Desertificaiton convention :
|b data and information requirements for interdisciplinary research : proceedings of the international workshop held in Algero, Italy 9 to 11 October 1999 /
|c edited by G. Enne, D. Peter, D. Pottier.
|
| 260 |
|
|
|a Luxembourg :
|b Office for Official Publications of the European Communities,
|c c2001.
|
| 300 |
|
|
|a 375 p. :
|b ill.
|c 24 cm.
|
| 541 |
|
|
|e 27006
|
| 650 |
|
0 |
|a desertification
|
| 650 |
|
0 |
|a data requirements
|
| 650 |
|
0 |
|a interdisciplinary research
|
| 700 |
1 |
|
|a Enne, G.
|
| 700 |
1 |
|
|a Peter, D.
|
| 700 |
1 |
|
|a Pottier, D.
|
| 710 |
2 |
|
|a European Commission
|
| 852 |
1 |
|
|a Ayesha Abed Library
|j General shelf.
|
| 999 |
|
|
|c 13493
|d 13493
|
| 952 |
|
|
|0 0
|1 0
|2 ddc
|4 0
|6 333_736000000000000_DES
|7 0
|9 22489
|a BRACUL
|b BRACUL
|c GEN
|d 2013-05-27
|e VC of BRACU
|l 0
|o 333.736 DES
|p 3010027006
|r 2013-05-27
|t 1
|w 2013-05-27
|y BK
|